Polymer alloys II : blends, blocks, grafts, and interpenetrating networks /
Guardado en:
| Autor Corporativo: | |
|---|---|
| Otros Autores: | , |
| Formato: | Libro |
| Idioma: | English |
| Publicado: |
New York :
Plenum Press,
c1980.
|
| Series: | Polymer science and technology ;
v. 11 |
| Materias: | |
| Etiquetas: |
Agregar Etiqueta
Sin Etiquetas, Sea el primero en etiquetar este registro!
|
| LEADER | 01116cam a22002775a 4500 | ||
|---|---|---|---|
| 001 | EIQ.libpla000926 | ||
| 008 | 791220s1980####nyuao####b####001#0#eng#d | ||
| 005 | 20060623125953.0 | ||
| 245 | 0 | 0 | |a Polymer alloys II : |b blends, blocks, grafts, and interpenetrating networks / |c edited by Daniel Klempner and Kurt C. Frisch. |
| 260 | |a New York : |b Plenum Press, |c c1980. | ||
| 300 | |a ix, 282 p. : |b il., fotos ; |c 26 cm. | ||
| 440 | 0 | |a Polymer science and technology ; |v v. 11 | |
| 500 | |a "Proceedings of the Sympòsium on Plymer Alloys, held in Honolulu, Hawaii, April, 1979". | ||
| 504 | |a Incluye referencias bibliográficas e índice. | ||
| 020 | |a 0306403463 | ||
| 700 | 1 | |a Klempner, Daniel., |e ed. |4 edt | |
| 700 | 1 | |a Frisch, Kurt Charles, |d 1918-, |e ed. |4 edt | |
| 711 | 2 | |a Symposium on Polymer Alloys |d (1979 : |c Honolulu, Hawaii) | |
| 082 | 0 | 0 | |a 547.7 |2 19 |
| 650 | 4 | |a Polímeros |x Congresos. | |
| 650 | 4 | |a Polimerización |x Congresos. | |
| 650 | 0 | |a Polymers |x Congresses. | |
| 650 | 4 | |a Polymerization |x Congresses. | |
| 010 | |a 79028487 | ||
| 040 | |a DLC |c DLC |d AR-BbSID | ||
| 859 | |a AR-BbSID |b BIB. PLAPIQUI |h 547.7 |i P 769 |p 620 | ||
